| 000 | 01921cam a2200577 a 4500 | ||
|---|---|---|---|
| 001 | 21611 | ||
| 003 | VRT | ||
| 005 | 20260306140921.0 | ||
| 008 | 240315s2011 xo a a 000 0 slo | ||
| 015 | _aSNBA2012/04-02356 | ||
| 020 |
_a9788097064914 _q(viaz.) |
||
| 035 | _aE47FBADF-FFAD-4B27-87CD-56FB90CF893A | ||
| 035 | _aurn:nbn:sk:snk-amjxy8 | ||
| 035 | _aurn:nbn:sk:snk-am007zpe | ||
| 039 | 9 |
_a202403152138 _bVLOAD _c201511121725 _dVLOAD _c201507071643 _dVLOAD _c201208061050 _dmsnk36 |
|
| 040 |
_aSNK _bslo _cSNK _eAACR2 |
||
| 041 | 0 | _aslo | |
| 044 |
_axo _cSK |
||
| 072 | 7 |
_a0/9-053.2 _xLiteratúra pre deti a mládež (náučná) _2konspekt |
|
| 072 | 7 |
_a37 _xVýchova a vzdelávanie _2konspekt |
|
| 080 |
_a316.346.32-053.2 _22001 |
||
| 080 |
_a379.8:793/796 _22001 |
||
| 080 |
_a796.2 _22001 |
||
| 080 |
_a159.955 _22001 |
||
| 080 |
_a79 _22001 |
||
| 080 |
_a379.8 _22001 |
||
| 080 |
_a(0.053.2) _22001 |
||
| 100 | 1 |
_aĎuranová-Šošková, Andrea _4aut |
|
| 245 | 1 | 0 |
_aZatoč s nudou _c[ilustrácie: Miroslav Kulich ; texty: Andrea Ďuranová-Šošková] |
| 250 | _a1. vyd. | ||
| 260 |
_a[Slovenský Grob] _bMP-Studio _c2011 |
||
| 300 |
_a83 s. _bfareb. ilustr. _c29 cm |
||
| 500 | _aMiesto vydania uvedené podľa ISBN | ||
| 650 | 0 | 7 |
_adeti _2SNKPH |
| 650 | 0 | 7 |
_ahry _2SNKPH |
| 650 | 0 | 7 |
_apohybové hry _2SNKPH |
| 650 | 0 | 7 |
_arozvoj myslenia _2SNKPH |
| 650 | 0 | 7 |
_avoľný čas _2SNKPH |
| 650 | 0 | 7 |
_aChildren _2SNKPHeng |
| 650 | 0 | 7 |
_aGames _2SNKPHeng |
| 650 | 0 | 7 |
_aMovement games _2SNKPHeng |
| 650 | 0 | 7 |
_aLeisure _2SNKPHeng |
| 650 | 0 | 7 |
_aDevelopment of thought _2SNKPHeng |
| 655 | 7 |
_apublikácie pre deti _2SNKPH |
|
| 655 | 7 |
_aChildren's literature _2SNKPHeng |
|
| 700 | 1 |
_aKulich, Miroslav _4ill |
|
| 942 |
_2ddc _cOLDE _n0 |
||
| 949 |
_617A0879062 _asnkSB 82706 _bsnk2012/6179 _o735/12 _s6100:20140925 |
||
| 949 |
_617A0879920 _asnkSB 82706 D1 _bsnk2012/6182 _o735/12 |
||
| 980 | _a379.8:793/796 | ||
| 999 |
_c21611 _d21611 |
||